000 00652nam a2200181 i 4500
001 93722
003 ES-MaACL
005 20230906181312.0
007 t|
008 050418s1965 sp ||||1| spa d
100 1 _aLópez Hernández, Gerardo.
_973694
245 1 0 _aSobre la tutela penal del patrimonio /
_cGerardo López Hernández.
260 _aMadrid :
_bInstituto Nacional de Estudios Jurídicos,
_c1965.
300 _a16 h. ;
_c24 cm.
500 _aEs tirada aparte de "Anuario de Derecho Penal y Ciencias Penales", p. 509-539.
710 2 _aInstituto Nacional de Estudios Jurídicos (España)
_95163
852 _aES-MaACL
_j2100-F-26
_bR.93385
999 _c93722
_d93722